[Event "Aruba"]
[Site "Aruba"]
[Date "1992.??.??"]
[Round "9"]
[White "Polgar, Judit"]
[Black "Polgar, Zsuzsa"]
[Result "0-1"]
[WhiteElo "2550"]
[BlackElo "2530"]
[Annotator "Anand,V"]
[PlyCount "132"]
[EventDate "1992.03.??"]
[EventType "tourn"]
[EventRounds "9"]
[EventCountry "NAU"]
[EventCategory "11"]
[SourceTitle "CBM 030"]
[Source "ChessBase"]
[SourceDate "1992.10.01"]
[SourceVersion "1"]
[SourceVersionDate "1992.10.01"]
[SourceQuality "1"]

1. d4 Nf6 2. c4 c5 3. Nf3 cxd4 4. Nxd4 b6 5. Nc3 Bb7 6. Bg5 (6. f3 e6 7. e4 d6
8. Be3) 6... e6 7. e3 d6 8. Bh4 {I cannot understand this plan. I also cannot
understand why they haven't agreed to a draw yet!} Be7 9. Be2 Nc6 10. O-O O-O
11. Ndb5 Ne8 (11... a6 12. Bxf6 gxf6 13. Nd4 $16) 12. Bg3 a6 13. Nd4 Rc8 14.
Rc1 Nf6 15. Nxc6 Bxc6 16. Qc2 Qd7 (16... b5 17. cxb5 axb5 18. Qb3) 17. Rfd1
Rfd8 (17... Qb7 18. Bf1 (18. Bxd6 Bxd6 19. Rxd6 Bxg2) 18... d5 $10) 18. Qd3 Qb7
19. f3 Rd7 20. Bf2 Rdc7 $10 {White has nothing here} 21. e4 Be8 22. Be3 Nd7 23.
Qd4 Rc6 24. Qd2 R6c7 25. b3 Nf6 26. a4 Nd7 27. Bf1 Ne5 28. Qf2 Rb8 29. Be2 Nc6
30. Qg3 Rd8 31. h4 Kh8 32. h5 h6 33. Qf2 Rb8 34. g4 Na5 35. Rb1 Bf6 36. Na2 b5
$2 (36... Be7 $10) 37. Rxd6 bxc4 38. Rb6 Qc8 39. bxc4 Rxb6 40. Bxb6 Rd7 41. Nb4
Rd2 (41... Nxc4 42. Rc1) 42. Be3 Qd8 43. Bxd2 $16 Qxd2 44. Kg2 Bxa4 45. Bf1 Qc3
46. Qe1 Qd4 47. Nxa6 Nc6 48. c5 (48. Nb4 Ne5) 48... Bc2 49. Rb6 Ne5 50. Qf2 (
50. Rd6 Qb2 51. Qd2 $16) 50... Qd1 51. Be2 Qd2 52. Rd6 $2 (52. c6) 52... Qf4
53. Rb6 $2 Nxg4 54. Qg3 (54. fxg4 Bxe4+ 55. Kf1 (55. Kg1 Bd4 56. Qxd4 Qg3+ 57.
Kf1 Bg2+ 58. Kg1 Bf3+ 59. Kf1 Qg2+ 60. Ke1 Qxe2#) 55... Qc1+ 56. Qe1 Bg2+ 57.
Kf2 Bh4+ $19) 54... Qd2 55. Qxg4 Qxe2+ 56. Kh3 Be5 57. Qg2 Qe3 58. Rb7 Kg8 59.
Rb8+ Bxb8 60. Nxb8 Qxc5 $19 61. Kh4 Ba4 62. Qd2 Bb5 63. Qd8+ Kh7 64. Kg4 f6 65.
Nd7 Qg1+ (65... Qg5+ {is quicker}) 66. Kh4 Qg5+ {a strange game} 0-1

[Event "EU-chT (Men) 16th"]
[Site "Heraklion"]
[Date "2007.11.06"]
[Round "9.1"]
[White "Aronian, Levon"]
[Black "Sutovsky, Emil"]
[Result "1-0"]
[WhiteElo "2741"]
[BlackElo "2655"]
[Annotator "Aronian,L"]
[PlyCount "73"]
[EventDate "2007.10.28"]
[EventType "team-swiss"]
[EventRounds "9"]
[EventCountry "GRE"]
[SourceTitle "CBM 121"]
[Source "ChessBase"]
[SourceDate "2007.11.14"]
[SourceVersion "1"]
[SourceVersionDate "2007.11.14"]
[SourceQuality "1"]
[WhiteTeam "Armenia"]
[BlackTeam "Israel"]
[WhiteTeamCountry "ARM"]
[BlackTeamCountry "ISR"]

{Although this last round game started early, and I was still rather sleepy, I
was also in a determined frame of mind, especially as a win in the match would
earn us the silver medals.} 1. c4 {Here my opponent thought for a while.
Obviously, he too did not want to play the Grunfeld.} c5 2. Nf3 Nf6 {Here I
started to worry a bit. Was he going to play the gambit line, which I had not
prepared seriously?} 3. d4 {Despite the fact that I achieved a virtually
winning position against Nielsen with 3.Nc3 d5 4.cd Nd5 5.e3, I did not feel
like playing this type of position again.} cxd4 4. Nxd4 e5 {This line suits
Emile's style. Black frequently gets a strong initiative. In my fear, I
remembered a more or less solid line that I had once prepared.} 5. Nb5 d5 6.
cxd5 Bc5 7. N5c3 O-O 8. g3 {8.e3 is more popular. While my opponent was
thinking, I started trying to assess various lines. After 8...e4 White replies
9.Bg2 e3 10.Bxe3 Bxe3 11.fxe3 and once he puts his queen on d4 to defend the
e3 pawn against Ng4, he has the resource Nd1. This cheered me up more than I
can say.} Qb6 (8... e4 9. Bg2 e3 10. Bxe3 Bxe3 11. fxe3) ({The guru of this
variation, Rafael Vahanian, has played} 8... Ng4 {here. In view of the fact
that it is not in my nature to give a pawn so early, I advise the reader to
investigate the subtleties of this approach for himself.}) 9. e3 Bg4 {The old
European custom of saying "Garde" when attacking the opponent's queen has
resulted in her majesty being mistakenly called by this French word in the
parks of Yerevan.} 10. Be2 Bxe2 ({After} 10... Bh3 {the reply} 11. g4 {looks
strong, threatening to win the bishop by Rg1-g3.}) 11. Qxe2 e4 {Allowing the
d5-pawn to be strengthened by e3-e4 is of course out of the question for Black.
} 12. a3 {I played all these moves quite quickly, because I did not see an
alternative.} ({In the event of the immediate} 12. Nd2 {one must take into
account the attempt to disrupt White's plans with} Bb4 {, whilst I did not
consider the move 12.g4, which has been played by Kortschnoj.}) 12... Nbd7 {
More subtle was 12...Re8 with the idea of meeting 13.Nd2 with 13...Qc7,
temporarily preventing b4.} 13. Nd2 Rfe8 14. b4 {Black is less comfortable
with his bishop on f8.} Bf8 15. O-O {After reaching this position, I was very
happy and was looking forward to my first win of the tournament. My optimism
was strengthened by my opponent's lengthy reflections.} Qc7 {Seeing how
nervous Emil looked, I was not so surprised by this strange-looking move. It
bis hard to recommend anything concrete to Black at this point. I can only say
that my computer wants to play Rac8 and then Qd8, which certainly does not
look so bad.} 16. Bb2 Nb6 {Black tries to change the picture. Certainly, White
must now make a choice.} 17. Nb5 {Played after 10 minutes' thought. Of course,
it was possible to play Rad1 and then f3, but this seemed to me rather tame.}
Qd7 18. d6 {After the game, a group of noisy critics roundly condemned me for
this move. Even my dear friend Petya Svidler, who has often acknowledged his
enthusiasm for my play, was among their number. Did I deserve this reaction,
after not taking on f6 and then playing d6? Now, in the cold light of day, I
am prepared to admit my mistake.} ({In self-defence, I can only say that I
underestimated the strength of the move 20.a4 after} 18. Bxf6 gxf6 19. d6 Re5)
18... Nfd5 19. Rac1 Bxd6 20. Nxd6 Qxd6 21. Rfd1 {I will let you into a secret.
My main reason for preferring this position amongst the various alternatives,
was the memory of an easy win against Carlsen, in which we had the identical
material.} Qe6 {Trying to get rid of the superfluous knight. Black's main
problem is the lack of comfortable posts for his cavalry.} 22. Nb3 Nf4 ({
After for example} 22... Qf5 23. Nc5 Re7 24. Rd4 {Black has an unpleasant
position. It is not easy to defend against Rad1 with the idea of a4. Black
decides to avoid these unpleasantnesses at the cost of allowing a strong
attack on his king.}) 23. gxf4 ({In case of} 23. exf4 Qxb3 {White will face
problems with ...e3; Black would get some drawing chances.}) 23... Qxb3 24. Kh1
{After noticing the nice 24...Rac8 25.Rxc8 Rxc8 26.Qg4 I did not look at other
moves.} Qe6 {The most logical.} (24... Rac8 25. Rxc8 Rxc8 26. Qg4 {[%cal Rg4g7,
Rg4c8,Rd1d8]}) ({After} 24... Qa2 25. Rg1 g6 26. Ra1 {Black's king is very bad.
}) 25. Rg1 {I did not even look at 25.Rc7, fearing the activity of the black
pieces.} f6 26. Qh5 {Threatening Rxg7+.} Nd5 ({On} 26... Re7 {I have it all my
own way after} 27. Rg3 {.}) 27. Rg3 (27. Rxg7+ Kxg7 28. Rg1+ Kh8 (28... Kf8 {
loses after simply} 29. Qxh7) 29. Qxd5 Re7) 27... Kh8 {Putting the queen on g8
is the only defence against mate.} 28. Rcg1 Re7 29. Rh3 Qg8 {The fragile
structure after 29...h6 can hardly hope to withstand the pressure of three
heavy pieces, but maybe this was the least evil.} 30. Qf5 {Now Black is almost
without moves.} Rf8 31. Bd4 b6 32. Rg4 {Now Black loses material.} Rc7 33. Rh5
{White's manoeuvres with his heavy pieces are rather nice.} Ne7 34. Qxe4 Rf7 {
It is hardly possible to suggest a good move for Black now.} 35. Rg1 g6 {
In the vain hope of creating an outpost for the unfortunate knight.} 36. Re5 {
To rook heads to e6.} Nc6 {A blunder. It was possible to resist further,
albeit not for long, with 36...Qg7.} 37. Re8 (37. Re8 Rf8 38. Bxf6+ {decides.})
1-0

[Event "Vojvodina-ch 6th"]
[Site "Novi Sad"]
[Date "2015.07.27"]
[Round "5"]
[White "Atalik, Suat"]
[Black "Marholev, Dimitar"]
[Result "1-0"]
[WhiteElo "2564"]
[BlackElo "2317"]
[Annotator "Atalik,S"]
[PlyCount "129"]
[EventDate "2015.07.25"]
[EventType "swiss"]
[EventRounds "9"]
[EventCountry "YUG"]
[SourceTitle "EXT 2016"]
[Source "ChessBase"]
[SourceDate "2015.10.08"]
[SourceVersion "1"]
[SourceVersionDate "2015.10.08"]
[SourceQuality "1"]

1. Nf3 Nf6 2. c4 c5 3. Nc3 g6 4. d4 Bg7 {An invitation for Hromadka Systems.}
5. dxc5 $1 {The correct approach! The resulting positions should be difficult
for Black even more than in Maroczy Bind since there won't be any knight swap
on d4.} Qa5 6. Nd2 Qxc5 7. e4 O-O 8. Be2 (8. Nb3 Qc7 9. Bg5 d6 {and Black does
not matter about the exchange on f6.}) 8... d6 9. Nb3 Qc7 10. Bg5 $1 $146 {
This bothers Black a little bit.} (10. Be3 Be6 (10... Nc6 11. Rc1 Ne5) 11. Rc1
a6 {played between Pytel-Garcia Gonzales 1983,Jurmala 1983.}) 10... Nbd7 (10...
Be6 11. Rc1 $14 {is another type of set up.}) 11. Rc1 b6 12. f3 h6 $6 {This
move should be avoided in Hedgehog set ups which I have taken some time to
look at during my vacation in Senta.} (12... Bb7 13. Qd2 Rfc8 14. O-O Qd8 $14)
13. Be3 Bb7 14. Qd2 Kh7 15. O-O Rfc8 16. Nd5 Qd8 17. Rfd1 Ne8 18. Bd4 $5 {
Inspired by Geller-Rajkovic, Novi Sad 1979. The dark-squared bishops exchanges
will leave holes in Black's camp.} e6 19. Bxg7 Kxg7 20. Qd4+ Kh7 21. Nc3 a6 (
21... Qg5 22. f4 $1 {is one of the ideas behind White's play.}) ({but} 21... g5
22. Nb5 Rc6 {is very playable for Black.} 23. Qe3 Ne5 24. N5d4 Rc7 $14) 22. f4
$1 {This pawn thrust f4-f5 is what I have found the most unpleasant in the
Hedgehog for Black.} Bc6 (22... e5 23. fxe5 Nxe5 24. Na4 Rc6 (24... Nd7 $2 25.
Bg4 {wins a pawn.}) 25. c5 bxc5 26. Naxc5 $14) 23. Qe3 Qe7 24. Nd4 Bb7 25. Nf3
$1 Rc7 26. Rd2 (26. Rc2 $5) 26... e5 27. f5 Nef6 $2 {A very bad mistake.} (
27... gxf5 $1 28. exf5 Nef6 {is almost always necessary.} 29. Rcd1 Ng4 30. Ng5+
Qxg5 31. Qxg5 hxg5 32. Bxg4 Nf6 33. Be2 Ne8 {is passive but possibly
defendable.} 34. f6 $5 Kg6 35. Rf1 e4 36. Rd4 Rd8 37. Nxe4 Bxe4 38. Rxe4 Nxf6
39. Rd4 $14) 28. fxg6+ fxg6 29. Rcd1 Ng4 $5 {He did not want to suffer} ({with
} 29... Ne8 30. g3 Rac8 31. Nh4 $16) 30. Ng5+ Qxg5 31. Qxg5 hxg5 32. Bxg4 Nf6
33. Rxd6 $1 (33. Be6 $6 Nxe4 34. Nxe4 Bxe4 35. Rxd6 Bf5 $1 $16) 33... Nxg4 34.
Rd7+ Rxd7 35. Rxd7+ Kh6 36. Rxb7 Ne3 37. Nd5 $1 Nxc4 38. Nf6 g4 39. b3 $1 Ne3 (
39... Nd2 40. Nxg4+ Kg5 41. Nxe5 $18) (39... Nd6 40. Rxb6 $18) (39... Rf8 $2
40. Nd7 $18) 40. Kf2 Nd1+ (40... Rf8 41. Rxb6 $18) 41. Kg3 (41. Ke2 Nc3+ 42.
Kd3 Nxa2 43. Nxg4+ Kg5 44. Nxe5 $18) 41... Ne3 42. Nxg4+ Nxg4 43. Kxg4 Rf8 {
After all these forced moves White has a winning rook ending and Black is
pseudo active.} (43... b5 44. Rb6 $18) 44. Rxb6 (44. g3 $5 Rf6 $1 (44... Rf2
45. Rxb6 Rxa2 46. h4 $18 {is the game continuation.}) 45. h4 Re6 {looked
passive but tenable during the game.}) 44... Rf2 (44... Rf4+ 45. Kg3 Rxe4 46.
Rxa6 $18) 45. g3 Rxa2 46. h4 Re2 47. h5 $1 {That is the killing punch although}
({other options are very close to be winning as well.} 47. Kf3 Rb2 48. Re6 (48.
g4 Kg7 49. h5 gxh5 50. gxh5 a5 51. Kg4 a4 52. Rg6+ $18) 48... Rxb3+ 49. Kg4 $18
) 47... Rxe4+ 48. Kf3 Rd4 49. g4 $1 $18 Kh7 50. Rxg6 Rf4+ 51. Kg3 Rb4 52. Rxa6
Rxb3+ 53. Kh4 e4 54. Ra7+ Kg8 55. Re7 e3 56. Kg5 $5 ({Another way to win is
simply to omit the presence of e3.} 56. h6) 56... Kf8 57. Re4 Kf7 58. Kf4 Kf6
59. g5+ Kf7 60. Rxe3 Rb1 61. Kg4 $1 Rg1+ 62. Rg3 Rh1 63. Rf3+ Kg7 64. h6+ {
Always the h pawn should be played up to give a safe heaven for White's king.}
Kg8 65. Ra3 $1 {He did not want to check my technique.} (65. Ra3 $1 Kh7 (65...
Rh2 66. Kf5) (65... Kf7 66. Rh3 $1) 66. Ra7+ Kg8 67. Kf5 Rb1 68. Kg6 (68. g6
Rb5+ 69. Ke4 Rb4+ 70. Kd5 Rb5+ 71. Kc6 Rb8 72. Kc7 Rf8 73. Rb7 $18) 68... Rb6+
69. Kh5 Rb5 70. Re7 Ra5 71. Kg6 Ra6+ 72. Kf5 Ra5+ 73. Kf6 Ra6+ 74. Re6 Ra8 75.
g6 (75. Kg6 Rb8 76. h7+ $2 Kh8 77. Kh6 Rb6 $11) 75... Rf8+ 76. Kg5 Ra8 77. h7+
(77. Rd6 Rb8 78. Kf6 Ra8 79. Ke7 $18) 77... Kh8 78. Kh6 $18) 1-0

[Event "Goodricke op 12th"]
[Site "Kolkata"]
[Date "2001.02.16"]
[Round "11"]
[White "Ganguly, Surya Shekhar"]
[Black "Mariano, Nelson"]
[Result "1-0"]
[WhiteElo "2456"]
[BlackElo "2395"]
[Annotator "Atlas,V"]
[PlyCount "95"]
[EventDate "2001.02.06"]
[EventType "swiss"]
[EventRounds "11"]
[EventCountry "IND"]
[SourceTitle "CBM 082"]
[Source "ChessBase"]
[SourceDate "2001.05.17"]
[SourceVersion "1"]
[SourceVersionDate "2001.05.17"]
[SourceQuality "1"]

1. e4 c5 2. Nf3 d6 3. d4 cxd4 4. Nxd4 a6 5. c4 b6 6. Nc3 Bb7 7. Be2 Nf6 8. f3
e6 9. O-O Nbd7 10. Be3 Be7 11. Qd2 O-O 12. Rfd1 Rc8 13. Rac1 Qc7 14. Bf1 Rfe8
15. Qf2 Qb8 16. Kh1 Bd8 17. Rc2 Ne5 18. b3 Bc7 19. Rcd2 h6 20. Nc2 Ned7 21. Qh4
Ne5 22. Bd4 d5 23. exd5 exd5 24. Nxd5 Bxd5 25. cxd5 Ng6 26. Qf2 Bxh2 27. Bxf6
Bg3 28. Qd4 gxf6 29. Bxa6 Rcd8 30. Ne3 Re5 31. Ng4 Rh5+ 32. Kg1 Be5 33. Nxe5
fxe5 34. Qe3 Qd6 35. g3 Rg5 36. Kf2 Ne7 37. Bd3 f5 38. f4 exf4 39. gxf4 Rg6 40.
Rg1 Kf8 41. Bc4 Rxg1 42. Kxg1 Ng6 43. Re2 Nxf4 44. Rf2 Qg6+ 45. Kf1 Nh5 46. Rg2
Qf6 $2 ({A mistake, allowing White to finish the game in style. Correct was} 
46... Qd6) {[%tqu "En","Both kings are not safe, but Black can strike first.
How?","Try to bring your bishop into the action.","Target the king - open the
a2-g8 diagonal!","d5d6","This is a nice touch!",4]} 47. d6 {[%csl Rf8,Rg8]
[%cal Gc4g8,Gg2g8]} Ng7 {[%tqu "En","How can White conclude his attack?",
"Target the black knight.","Utilise the energy of the d-pawn.","e3e7","This
queen thrust wins on the spot!",4]} 48. Qe7+ (48. Qe7+ Qxe7 49. dxe7+ Kxe7 50.
Rxg7+ {winning.}) 1-0

[Event "Capablanca Memorial Elite 31st"]
[Site "Cienfuegos"]
[Date "1996.??.??"]
[Round "2"]
[White "Garcia Ilundain, David"]
[Black "Conquest, Stuart"]
[Result "0-1"]
[WhiteElo "2550"]
[BlackElo "2540"]
[Annotator "Baburin,A"]
[PlyCount "75"]
[EventDate "1996.05.??"]
[EventType "tourn"]
[EventRounds "13"]
[EventCountry "CUB"]
[EventCategory "12"]
[SourceTitle "CBM 054"]
[Source "ChessBase"]
[SourceDate "1996.10.01"]
[SourceVersion "1"]
[SourceVersionDate "1996.10.01"]
[SourceQuality "1"]

1. Nf3 {Petursson} c5 2. c4 b6 3. Nc3 Bb7 4. e4 d6 5. d4 cxd4 6. Nxd4 Nf6 7. f3
e6 8. Be3 Be7 9. Be2 O-O 10. O-O Nbd7 11. Qd2 a6 12. Rfd1 Rc8 13. Rac1 Qc7 14.
Bf1 Qb8 15. Qf2 Rfe8 16. Nc2 Bd8 17. g4 {In this "Hedghog" pawn structure
White should be very careful with such pawn advances, as Black might hit back
in the centre (...d6-d5) or on the left wing (...b6-b5).} Ne5 18. g5 Nfd7 19.
Rd4 f5 $5 {The Hedgehog shows its needles!  Petursson: A very powerful move to
seize the initiative} 20. f4 Ng4 21. Qd2 fxe4 22. Nxe4 e5 $1 $17 {Petursson}
23. Rxd6 exf4 24. Rxd7 fxe3 25. Nxe3 Rxe4 26. Nf5 Ne5 27. Rxg7+ Kh8 28. Be2
Rxe2 29. Qxe2 Nf3+ 30. Kf1 Nxh2+ 31. Ke1 Nf3+ 32. Kf1 Bxg5 33. Rd1 Nh2+ 34. Ke1
Nf3+ 35. Kf1 Qf4 36. Rxb7 Qxf5 37. Rxb6 Rf8 38. Kg2 0-1

[Event "Enghien les Bains 2nd"]
[Site "Enghien les Bains"]
[Date "1997.03.22"]
[Round "9"]
[White "Anic, Darko"]
[Black "Ivanov, Mikhail M"]
[Result "0-1"]
[WhiteElo "2470"]
[BlackElo "2500"]
[Annotator "Bangiev,A"]
[PlyCount "60"]
[EventDate "1997.03.14"]
[EventType "tourn"]
[EventRounds "9"]
[EventCountry "FRA"]
[EventCategory "10"]
[SourceTitle "CBM 058"]
[Source "ChessBase"]
[SourceDate "1997.06.01"]
[SourceVersion "1"]
[SourceVersionDate "1997.06.01"]
[SourceQuality "1"]

1. Nf3 g6 2. g3 Bg7 3. d4 c5 4. Bg2 cxd4 5. Nxd4 Nc6 6. Nb3 Nf6 7. c4 a5 $5 {
Eine interessante Neuerung ! In der Praxis wurde dieser Zug überhaupt nicht
angetroffen. -> Survey.} 8. O-O O-O 9. Nc3 d6 10. Na4 Be6 11. c5 d5 {Es
scheint als ob der Schwarze die weißen Leichtfiguren auf den Damenflügel zieht,
und dies mit der Absicht einen Angriff auf dem Königsflügel zu führen.} 12. Be3
(12. Nb6 Ra6 13. Be3 Ne4 $5) 12... Ra6 13. h3 Ne4 14. Nd4 Bc8 $5 $15 15. Nb6 f5
(15... e5 $6 16. Nxc6 bxc6 17. Bxe4 dxe4 18. Qxd8 Rxd8 19. Nxc8 Rxc8 $14) 16.
Rc1 e5 $1 (16... Nxd4 $5 17. Bxd4 e5 18. Be3 d4 $15) 17. Nxc6 bxc6 18. Qa4 Qc7
19. Rfd1 Ra7 $5 {/\20...Be6} (19... Be6 20. b4 $5 d4 21. Bd2 (21. b5 $2 Nxc5
22. Rxc5 Rxb6 23. Bd2 cxb5 24. Qxd4 Qe7 $17) 21... Nxd2 22. Rxd2 $13) 20. Bd2
$6 (20. Nxc8 Rxc8 21. Bd2 Nxd2 22. Rxd2 Rb7 $15 {mit Initiative am Damenflügel.
}) 20... Nxd2 21. Rxd2 $6 {Hier versäumt der Weiße die letzte Gelegenheit,
seinen pseudoaktiven Springer gegen den Läufer zu tauschen.} (21. Nxc8 $1)
21... Be6 $1 22. e3 e4 $1 {Die Situation ist klar. Schwarz startet einen
Angriff am Königsflügel. /\ g5,f4 Wegen der Schwächung der schwarzen Felder
und der Deplazierung des Springers ist Weiß nicht in der Lage diesen Angriff
zu parieren.} 23. Qd1 g5 24. f4 exf3 {[%csl Rg3]} (24... d4 $5 25. exd4 gxf4
$17) 25. Qxf3 Be5 {[%csl Rg3]} 26. Kh2 Qb8 27. Rg1 Rg7 28. Bf1 Rf6 $18 29. Kh1
g4 30. Qf2 gxh3 0-1

[Event "USA-ch"]
[Site "Greenville"]
[Date "1983.??.??"]
[Round "6"]
[White "Dzindzichashvili, Roman"]
[Black "Kudrin, Sergey"]
[Result "1/2-1/2"]
[WhiteElo "2460"]
[BlackElo "2505"]
[Annotator "Belov,I"]
[PlyCount "76"]
[EventDate "1983.07.??"]
[EventType "tourn"]
[EventRounds "13"]
[EventCountry "USA"]
[EventCategory "10"]
[SourceTitle "MCL"]
[Source "ChessBase"]
[SourceDate "1999.07.01"]
[SourceVersion "1"]
[SourceVersionDate "1999.07.01"]
[SourceQuality "1"]

1. c4 c5 2. Nf3 Nf6 3. Nc3 b6 4. e4 d6 5. d4 cxd4 6. Nxd4 Bb7 7. f3 e6 8. Be2
Be7 9. O-O O-O 10. Be3 a6 11. Rc1 (11. a4 $1 Nbd7 12. a5 bxa5 13. Nb3 $14) (11.
Qd2 $5) 11... Nbd7 12. b4 (12. Qd2 Qc7 13. Rfd1 Rac8 $10) 12... d5 $5 (12...
Rc8) 13. cxd5 exd5 14. Nxd5 Nxd5 (14... Bxd5 15. exd5 Nxd5 16. Nc6 Nxe3 17. Qb3
Qe8 18. Qxe3 $14) 15. exd5 Bxb4 $1 (15... Bxd5 16. Nf5 $14) 16. Nc6 Bxc6 17.
dxc6 Bc5 $1 18. Bxc5 Nxc5 19. Qxd8 Rfxd8 20. Rfd1 Rxd1+ (20... Rdc8 21. Rd6 Kf8
22. c7 $14) 21. Rxd1 Kf8 (21... Rc8 22. c7 Ne6 23. Bxa6 $14) 22. Rb1 b5 23. Rc1
Ne6 $15 24. Kf2 Ke7 25. g3 Kd6 26. f4 Kc7 $6 (26... Nd4 $142 27. Rd1 Kc5 $17)
27. Bf3 Rd8 28. Ke3 Nd4 29. Be4 f5 $6 (29... g6 $5) 30. Rd1 $1 fxe4 31. Rxd4
Rxd4 32. Kxd4 Kxc6 33. Kxe4 $10 Kc5 34. f5 a5 35. g4 b4 36. g5 a4 37. Kd3 Kd5
38. f6 gxf6 1/2-1/2